[Event "<1600, going for the better rating"]
[Site "SchemingMind.com"]
[Date "2010.04.21"]
[Round "-"]
[White "Mitch The Man"]
[Black "lumamo"]
[Result "0-1"]
[WhiteCountry "USA"]
[BlackCountry "ESP"]
[WhiteElo "1437"]
[WhiteRD "60"]
[BlackElo "1551"]
[BlackRD "88"]
[GameID "246149"]

1. e4 e5 2. Nf3 Nc6 3. c3 Nf6 4. d3 d5 5. Qe2 Bg4 6. h3 Bxf3 7. Qxf3 d4 8. Bd2 Bc5 9. Be2 h6 10. O-O O-O
11. c4 Nb4 12. Bxb4 Bxb4 13. a3 Bd6 14. Nd2 a5 15. Rfc1 c5 16. a4 Qb6 17. Rcb1 Qb4 18. Nf1 Qb6 19. Bd1 Qd8 20. b3 b6
21. Ng3 Nh7 22. Nf5 Ng5 23. Qh5 Qf6 24. h4 Ne6 25. g3 Rfd8 26. Rb2 Bf8 27. Kg2 Kh7 28. Qf3 g6 29. Nxh6 Qxf3+ 30. Bxf3 Bxh6
31. Kf1 Ra7 32. Kg2 f5 33. Rd1 Rf7 34. Re2 Rdf8 35. exf5 Rxf5 36. Bg4 R5f6 37. Rf1 Ng7 38. Rxe5 Nf5 39. Bxf5 gxf5 40. Re7+ Bg7
41. f4 Kg8 42. Rfe1 R8f7 43. Re8+ Kh7 44. R8e2 Rh6 45. Rf1 Rff6 46. Re7 Rfg6 47. Kh3 Re6 48. Rf7 Rhf6 49. Rd7 Re3 50. Rd1 Rfe6
51. Rf7 Kg6 52. Rb7 Bh6 53. Rb8 Bxf4 54. h5+ Kxh5 55. Rh8+ Kg5 56. Rg8+ Rg6 57. Rh8 Rxg3+
0-1

[Event "<1600, going for the better rating"]
[Site "SchemingMind.com"]
[Date "2010.04.21"]
[Round "-"]
[White "Mitch The Man"]
[Black "memet"]
[Result "0-1"]
[WhiteCountry "USA"]
[BlackCountry "TUR"]
[WhiteElo "1437"]
[WhiteRD "60"]
[BlackElo "1571"]
[BlackRD "69"]
[GameID "246150"]

1. e4 c5 2. c4 Nc6 3. Nf3 g6 4. a3 Bg7 5. d3 Nf6 6. h3 e5 7. Be2 a5 8. O-O d6 9. Nc3 O-O 10. Nh2 Nd4
11. a4 Be6 12. Nd5 Nxe2+ 13. Qxe2 h6 14. Nxf6+ Qxf6 15. Ra3 Qe7 16. Rb3 Qd7 17. Ra3 f5 18. b3 f4 19. f3 Rae8 20. Bd2 Kh7
21. Bxa5 h5 22. h4 Bf6 23. Qf2 Qe7 24. Be1 g5 25. hxg5 Bxg5 26. Qd2 Rg8 27. Bf2 Bh4 28. Bxh4 Qxh4 29. Qf2 Qg5 30. Ra2 h4
31. Ng4 h3 32. gxh3 Qh5 33. Kh2 Bxg4 34. fxg4 Rxg4 35. Rg1 Reg8 36. Rxg4 Rxg4 37. Rd2 Rg3 38. Qf1 Qf3 39. Rf2 Rxh3+
0-1

[Event "<1600, going for the better rating"]
[Site "SchemingMind.com"]
[Date "2010.04.22"]
[Round "-"]
[White "Mitch The Man"]
[Black "Olli Ylönen"]
[Result "0-1"]
[WhiteCountry "USA"]
[BlackCountry "FIN"]
[WhiteElo "1437"]
[WhiteRD "60"]
[BlackElo "1486"]
[BlackRD "72"]
[GameID "246151"]

1. e4 e5 2. Nf3 Nf6 3. d3 Nc6 4. a3 d5 5. Qe2 d4 6. h3 h5 7. Bd2 g6 8. g3 Be6 9. Bg5 Be7 10. Bxf6 Bxf6
11. Bg2 Qd6 12. O-O O-O-O 13. h4 Qd7 14. Kh2 g5 15. hxg5 Bxg5 16. Nxg5 h4 17. Nxe6 hxg3+ 18. Kxg3 Rdg8+ 19. Kf3 Qxe6
0-1

[Event "<1600, going for the better rating"]
[Site "SchemingMind.com"]
[Date "2010.04.22"]
[Round "-"]
[White "cool_dude"]
[Black "Mitch The Man"]
[Result "0-1"]
[WhiteCountry "GBR"]
[BlackCountry "USA"]
[WhiteElo "1260"]
[WhiteRD "80"]
[BlackElo "1433"]
[BlackRD "61"]
[GameID "246153"]

1. d4 d5 2. c4 dxc4 3. e4 e5 4. d5 b5 5. Nc3 a6 6. a4 b4 7. Na2 b3 8. Nc3 Bb4 9. Bxc4 Qd6 10. Qxb3 Bxc3+
11. bxc3 Nd7 12. Ba3 Nc5 13. Qb4 Nxe4 14. Bb5+ axb5 15. Qxe4 Qf6 16. d6 Ra6 17. axb5 Ra7 18. Qc6+ Bd7
0-1

[Event "<1600, going for the better rating"]
[Site "SchemingMind.com"]
[Date "2010.04.21"]
[Round "-"]
[White "kwabena"]
[Black "Mitch The Man"]
[Result "0-1"]
[WhiteCountry "ENG"]
[BlackCountry "USA"]
[WhiteElo "1468"]
[WhiteRD "72"]
[BlackElo "1437"]
[BlackRD "60"]
[GameID "246154"]

1. d4 d5 2. Nc3 c6 3. Bf4 Nd7 4. e3 g6 5. Nf3 f6 6. h3 g5 7. Bh2 Nh6 8. a3 Nf7 9. Be2 e5 10. O-O Bg7
11. Na4 O-O 12. c4 e4 13. Nd2 Nb6 14. Nxb6 Qxb6 15. Rb1 Kh8 16. c5 Qd8 17. Bh5 Nh6 18. Bd6 Rg8 19. f3 b6 20. fxe4 Bf8
21. Bxf8 Rxf8 22. cxb6 axb6 23. exd5 cxd5 24. Bf3 Ba6 25. Be2 Bxe2 26. Qxe2 Qd7 27. Nf3 Rfe8 28. Rbc1 Nf5 29. Qc2 Nxe3 30. Qb3 Nxf1
31. Kxf1 Rac8 32. Rd1 b5 33. Nh2 Qf5+ 34. Nf3 g4 35. hxg4 Qxg4 36. Qxb5 Qh5 37. Qxd5 Qh1+ 38. Ng1 Qh6 39. b4 Qf4+ 40. Nf3 Qe3
41. Qb5 Rc2 42. Nd2 Qf4+ 43. Nf3 Qe3 44. Nd2 Rxd2 45. Rxd2 Qe1#
0-1

[Event "<1600, going for the better rating"]
[Site "SchemingMind.com"]
[Date "2010.04.26"]
[Round "-"]
[White "lemmie"]
[Black "Mitch The Man"]
[Result "0-1"]
[WhiteCountry "NED"]
[BlackCountry "USA"]
[WhiteElo "1619"]
[WhiteRD "54"]
[BlackElo "1437"]
[BlackRD "60"]
[GameID "246155"]

1. e4 e5 2. Nf3 d6 3. Bc4 Qe7 4. d3 Be6 5. Nbd2 Bxc4 6. Nxc4 Nd7 7. Bg5 f6 8. Be3 b6 9. h3 O-O-O 10. c3 g5
11. Qa4 Kb8 12. Qa6 Nc5 13. Bxc5 dxc5 14. O-O-O Bh6 15. g4 Qd7 16. Na3 Qc8 17. Qa4 Qb7 18. d4 cxd4 19. cxd4 Qxe4 20. Nb5 a5
21. Qb3 Qc6+ 22. Nc3 Qxf3 23. dxe5 Rxd1+ 24. Rxd1 Qf4+ 25. Kb1 Ne7 26. exf6 Qxf6 27. Ne4 Qc6 28. Nc3 Rf8 29. Rd2 Qh1+ 30. Kc2 Bg7
31. Nd1 Qe4+ 32. Kc1 Qc6+ 33. Kb1 Qg6+ 34. Ka1 Qc6 35. Rc2 Qe4 36. Ne3 Qh1+ 37. Rc1 Qxc1#
0-1

[Event "<1600, going for the better rating"]
[Site "SchemingMind.com"]
[Date "2010.04.21"]
[Round "-"]
[White "lumamo"]
[Black "Mitch The Man"]
[Result "1-0"]
[WhiteCountry "ESP"]
[BlackCountry "USA"]
[WhiteElo "1551"]
[WhiteRD "88"]
[BlackElo "1437"]
[BlackRD "60"]
[GameID "246156"]

1. e4 e5 2. f4 exf4 3. Nf3 Qe7 4. e5 d6 5. d4 g5 6. h3 Bg7 7. Nc3 c6 8. Bc4 d5 9. Bb3 h6 10. Ne2 Be6
11. a3 Qc7 12. Bd2 Ne7 13. Bb4 O-O 14. Qd3 Re8 15. c3 Nf5 16. Bc2 Bf8 17. Nh2 Bxb4 18. axb4 Qe7 19. Ng4 Kg7 20. Nf6 Rh8
21. b5 Nh4 22. O-O Bf5 23. Qd1 Bxc2 24. Qxc2 cxb5 25. Nxd5 Nc6 26. Nxe7 Nxe7 27. g3 Nef5 28. gxh4 Nxh4 29. Qb3 f3 30. Ng3 a6
31. Rf2 Kg6 32. Ne4 Kg7 33. Nd6 Rhf8 34. Nxb7 Kg6 35. Nc5 Kh5 36. Nd7
1-0

[Event "<1600, going for the better rating"]
[Site "SchemingMind.com"]
[Date "2010.04.22"]
[Round "-"]
[White "memet"]
[Black "Mitch The Man"]
[Result "1-0"]
[WhiteCountry "TUR"]
[BlackCountry "USA"]
[WhiteElo "1571"]
[WhiteRD "69"]
[BlackElo "1437"]
[BlackRD "60"]
[GameID "246157"]

1. e4 e5 2. Nf3 d6 3. Bc4 Qe7 4. d4 Be6 5. Na3 Bxc4 6. Nxc4 h6 7. O-O f6 8. Be3 g6 9. c3 Bg7 10. d5 b6
11. h3 Qd7 12. Nh4 Ne7 13. a4 O-O 14. Qd2 a5 15. Bxh6 Qe8 16. Bxg7 Kxg7 17. f4 Rh8 18. Nf3 Nd7 19. fxe5 fxe5 20. Ng5 Rc8
21. Rf7+ Kg8 22. Raf1 Rh5 23. Ne6 Rh7 24. Rxh7 Kxh7 25. Rf3 Ng8 26. Qg5 Nh6 27. Ne3 Nf7 28. Qh4+ Kg8 29. Nf5
1-0

[Event "<1600, going for the better rating"]
[Site "SchemingMind.com"]
[Date "2010.04.22"]
[Round "-"]
[White "Olli Ylönen"]
[Black "Mitch The Man"]
[Result "0-1"]
[WhiteCountry "FIN"]
[BlackCountry "USA"]
[WhiteElo "1486"]
[WhiteRD "72"]
[BlackElo "1437"]
[BlackRD "60"]
[GameID "246158"]

1. e4 e5 2. Nf3 d6 3. d4 Qe7 4. Nc3 c6 5. Bc4 b5 6. Bb3 h6 7. d5 Bb7 8. O-O g6 9. a4 b4 10. Ne2 c5
11. Ng3 Ba6 12. Re1 Bg7 13. Bd2 Nf6 14. c4 O-O 15. a5 Kh7 16. Ba4 Bxc4 17. Bc6 Nxc6 18. dxc6 a6 19. Qa4 Bb5 20. Qd1 Bxc6
21. Nh4 Qe8 22. f4 Bd7 23. f5 g5 24. Nf3 Bb5 25. Nxg5+ Kg8 26. Nf3 Ra7 27. h4 Rd7 28. Ng5 d5 29. Nh5 Nxh5 30. Qxh5 Rd6
31. Nh3 d4 32. Bxh6 Rxh6 33. Qg4 f6 34. h5 Bc4 35. Rac1 Qb5 36. Qd1 b3 37. g4 Rd8 38. Qd2 d3 39. Nf2 Rd4 40. Rc3 Qxa5
41. Nxd3 Bxd3 42. Rxd3 Qxd2
0-1

[Event "<1600, going for the better rating"]
[Site "SchemingMind.com"]
[Date "2010.04.21"]
[Round "-"]
[White "Brian Acebo"]
[Black "Mitch The Man"]
[Result "1-0"]
[WhiteCountry "USA"]
[BlackCountry "USA"]
[WhiteElo "1574"]
[WhiteRD "67"]
[BlackElo "1433"]
[BlackRD "61"]
[GameID "246159"]

1. e4 e5 2. Nf3 Qe7 3. Nc3 c6 4. Bc4 Nf6 5. O-O h6 6. Re1 b5 7. Bb3 d6 8. h3 Be6 9. Bxe6 Qxe6 10. a3 Be7
11. b4 O-O 12. Bb2 a6 13. d4 exd4 14. Nxd4 Qd7 15. Qf3 g6 16. a4 bxa4 17. Nxa4 d5 18. Nb6 Qb7 19. Nxa8 Qxa8 20. Nb3 dxe4
21. Qe3 Bxb4 22. Bxf6 Nd7 23. Bc3 Bxc3 24. Qxc3 f5 25. Qc4+ Kg7 26. Rxa6 Qb7 27. Qc3+ Rf6 28. Rea1 g5 29. Ra7 Qc8 30. Nc5
1-0

[Event "<1600, going for the better rating"]
[Site "SchemingMind.com"]
[Date "2010.04.21"]
[Round "-"]
[White "Brian Acebo"]
[Black "kwabena"]
[Result "0-1"]
[WhiteCountry "USA"]
[BlackCountry "ENG"]
[WhiteElo "1574"]
[WhiteRD "67"]
[BlackElo "1489"]
[BlackRD "74"]
[GameID "246162"]

1. e4 d5 2. exd5 Qxd5 3. Nc3 Qa5 4. Nf3 a6 5. Be2 e6 6. O-O Nf6 7. d4 b5 8. b3 Qxc3 9. Bd2 Qc6 10. c3 Bb7
11. Rc1 Qd7 12. Re1 Be7 13. Bf4 O-O 14. Ne5 Qc8 15. Bf3 Bxf3 16. Qxf3 Nbd7 17. Nd3 c5 18. dxc5 Nxc5 19. Nxc5 Bxc5 20. Be5 Nd5
21. Qg3 g6 22. Qh4 h5 23. c4 Be7 24. Qd4 Nb4 25. a3 Nc6 26. Qc3 Bxa3 27. Rc2 Bb4 28. Qe3 Nxe5 29. Rd1 Ng4 30. Qf4 Qc5
31. h3 Ne5 32. Kh1 Rfd8 33. Rf1 Nc6 34. f3 Nd4 35. Rb2 bxc4 36. bxc4 Qxc4 37. Qe4 Qxf1+
0-1

[Event "<1600, going for the better rating"]
[Site "SchemingMind.com"]
[Date "2010.04.26"]
[Round "-"]
[White "Brian Acebo"]
[Black "lemmie"]
[Result "0-1"]
[WhiteCountry "USA"]
[BlackCountry "NED"]
[WhiteElo "1607"]
[WhiteRD "68"]
[BlackElo "1728"]
[BlackRD "58"]
[GameID "246163"]

1. d4 d5 2. c4 dxc4 3. e3 Be6 4. Nd2 Nc6 5. Bxc4 Bxc4 6. Nxc4 e6 7. a3 Nf6 8. Nf3 a6 9. O-O Be7 10. b4 b5
11. Nce5 Nxe5 12. Nxe5 O-O 13. Nc6 Qd6 14. Qc2 Rac8 15. Bb2 Nd5 16. Nxe7+ Qxe7 17. Rfe1 Qg5 18. Qe2 Nf6 19. f3 h6 20. Rac1 Nd5
21. e4 Nf4 22. Qe3 Qxg2#
0-1

[Event "<1600, going for the better rating"]
[Site "SchemingMind.com"]
[Date "2010.04.21"]
[Round "-"]
[White "Brian Acebo"]
[Black "lumamo"]
[Result "1-0"]
[WhiteCountry "USA"]
[BlackCountry "ESP"]
[WhiteElo "1574"]
[WhiteRD "67"]
[BlackElo "1523"]
[BlackRD "81"]
[GameID "246164"]

1. e4 e5 2. Nf3 Nc6 3. d4 exd4 4. Nxd4 Bc5 5. Be3 Nxd4 6. Bxd4 Bb6 7. Bxg7 f6 8. Bxh8 Qe7 9. Qh5+ Kf8 10. Nd2 c6
11. O-O-O Bxf2 12. Bc4 Bd4 13. Nf3 Be3+ 14. Kb1 d6 15. Rxd6 Bd7 16. Rhd1 Be8 17. Qg4 Bg6 18. Bxg8 Kxg8 19. Bxf6 Qxe4 20. Qe6+ Qxe6
21. Rxe6 Bh6 22. Ne5 Bf8 23. Rd8 Rxd8 24. Bxd8
1-0

[Event "<1600, going for the better rating"]
[Site "SchemingMind.com"]
[Date "2010.04.21"]
[Round "-"]
[White "Brian Acebo"]
[Black "memet"]
[Result "1-0"]
[WhiteCountry "USA"]
[BlackCountry "TUR"]
[WhiteElo "1596"]
[WhiteRD "73"]
[BlackElo "1630"]
[BlackRD "67"]
[GameID "246165"]

1. e4 c5 2. Nf3 Nc6 3. d4 cxd4 4. Nxd4 g6 5. Be3 Bg7 6. Nc3 e5 7. Nxc6 bxc6 8. Bc4 Ne7 9. Qf3 O-O 10. O-O d6
11. Bg5 Qc7 12. Bf6 Be6 13. Bd3 Rfe8 14. Bxg7 Kxg7 15. a3 Rf8 16. Rfe1 f5 17. b3 f4 18. h3 Rad8 19. b4 d5 20. exd5 cxd5
21. Bb5 e4 22. Nxe4 dxe4 23. Qxe4 Rf6 24. f3 Rd2 25. Bd3 Qb6+ 26. Kh1 Qf2 27. Re2 Rxe2 28. Qxe2 Qxe2 29. Bxe2 Nf5 30. Bd3 Ng3+
31. Kg1 Bf5 32. Rd1 Bxd3 33. Rxd3 Rc6 34. Rd7+ Kh6 35. Rxa7 Rxc2 36. b5 Ne2+ 37. Kf1 Nd4 38. a4 Ra2 39. b6 Nc6 40. Rc7 Na5
41. Ra7 Nc6 42. b7 Kh5 43. Ra6 Nb8 44. Ra8 Nc6 45. Rc8 Rb2 46. Rxc6 Rxb7 47. Rc5+ Kh4 48. Kg1 Kg3 49. Rg5+ Kh4 50. Rg4+ Kh5
51. Rxf4 Kg5 52. g3 Rb2 53. h4+ Kh6 54. Re4 Kh5 55. Re5+ Kh6 56. a5 Rb3 57. Kf2 Kg7 58. g4 h6 59. Kg3 Kf6 60. Rc5 Rb1
61. Rc6+ Kf7 62. a6 g5 63. Rxh6 gxh4+ 64. Kxh4 Kg7 65. g5 Rb4+ 66. Kg3 Rb5 67. f4 Rb3+ 68. Kg4 Rb1 69. Rc6 Rg1+ 70. Kf5 Ra1
71. Rc7+ Kf8 72. a7 Ra5+ 73. Kg4 Ke8 74. Rc8+ Kd7 75. a8=Q Rxa8 76. Rxa8
1-0

[Event "<1600, going for the better rating"]
[Site "SchemingMind.com"]
[Date "2010.04.22"]
[Round "-"]
[White "Brian Acebo"]
[Black "Olli Ylönen"]
[Result "1-0"]
[WhiteCountry "USA"]
[BlackCountry "FIN"]
[WhiteElo "1607"]
[WhiteRD "68"]
[BlackElo "1494"]
[BlackRD "50"]
[GameID "246166"]

1. d4 d5 2. c4 e6 3. Nc3 Nf6 4. e3 Be7 5. Nf3 O-O 6. c5 c6 7. Bd3 b5 8. O-O Nbd7 9. a3 Ng4 10. h3 Ngf6
11. b4 h6 12. Re1 Re8 13. e4 dxe4 14. Nxe4 e5 15. dxe5 Nxe4 16. Bxe4 Bb7 17. Bb2 f6 18. Bg6 Rf8 19. e6 Nb8 20. Qc2 Bc8
21. Nh4 f5 22. Bf7+ Rxf7 23. exf7+ Kxf7 24. Nxf5 Bxf5 25. Qxf5+ Bf6 26. Qe6+ Kf8 27. Bxf6 gxf6 28. Rad1 Qc7 29. Qxf6+
1-0

[Event "<1600, going for the better rating"]
[Site "SchemingMind.com"]
[Date "2010.04.22"]
[Round "-"]
[White "Mitch The Man"]
[Black "Brian Acebo"]
[Result "0-1"]
[WhiteCountry "USA"]
[BlackCountry "USA"]
[WhiteElo "1439"]
[WhiteRD "62"]
[BlackElo "1607"]
[BlackRD "68"]
[GameID "246167"]

1. e4 c6 2. d4 d5 3. e5 Bf5 4. Bd3 Bxd3 5. Qxd3 e6 6. Nf3 c5 7. b3 Nd7 8. O-O cxd4 9. Qxd4 Bc5 10. Qc3 Ne7
11. Be3 Rc8 12. Bxc5 Rxc5 13. Qd2 O-O 14. c3 Qc7 15. Re1 a5 16. a4 Ng6 17. g3 Ndxe5 18. Nxe5 Nxe5 19. Qe2 Ng6 20. Qd3 b6
21. Ra2 Ne5 22. Qd1 b5 23. f4 Nd7 24. axb5 Rxb5 25. Ree2 Nc5 26. Kg2 Rxb3 27. Reb2 Rfb8 28. Rxb3 Rxb3 29. Qc2 Rb7 30. Nd2 f5
31. Rb2 Rxb2 32. Qxb2 Na4 33. Qb5 Kf7 34. Nf3 Nxc3 35. Ne5+ Ke7 36. Nc6+ Kd6 37. Qa6 Qxc6 38. Qxa5 d4+ 39. Kh3 Ne4 40. Qb4+ Kd5
41. Qb3+ Kd6 42. Qa3+ Nc5 43. Qa7 Qb7 44. Qa1 Nb3 45. Qa3+ Nc5 46. Qa5 d3 47. Qd8+ Nd7 48. Qa5 Qd5 49. Qa6+ Ke7 50. Qa3+ Kf7
51. Qc1 d2 52. Qd1 Nf6
0-1

[Event "<1600, going for the better rating"]
[Site "SchemingMind.com"]
[Date "2010.04.22"]
[Round "-"]
[White "kwabena"]
[Black "Brian Acebo"]
[Result "1/2-1/2"]
[WhiteCountry "ENG"]
[BlackCountry "USA"]
[WhiteElo "1527"]
[WhiteRD "72"]
[BlackElo "1570"]
[BlackRD "68"]
[GameID "246170"]

1. d4 d5 2. Nc3 Nf6 3. Bg5 h6 4. Bxf6 exf6 5. e3 Bb4 6. Ne2 O-O 7. a3 Ba5 8. b4 Bb6 9. Na4 c6 10. Nf4 Bc7
11. Nd3 b6 12. Be2 Bf5 13. Rc1 Nd7 14. O-O b5 15. Nac5 Nxc5 16. bxc5 Ba5 17. Ne1 a6 18. Nd3 Qc7 19. Nf4 Qe7 20. Bg4 Bd7
21. Ra1 Bxg4 22. Qxg4 g6 23. a4 Kh7 24. axb5 axb5 25. Ra2 Bc7 26. Rfa1 Rxa2 27. Rxa2 f5 28. Qe2 Bxf4 29. c3 Bg5 30. Ra6 Rc8
31. g3 Bf6 32. Qa2 Rc7 33. h4 h5 34. Kf1 Bg7 35. Ke2 f6 36. Kd3 g5 37. hxg5 fxg5 38. Qe2 Qe4+ 39. Kd2 Kg6 40. f3 Qe6
41. Qxb5 cxb5 42. Rxe6+ Bf6 43. Rd6 Kf7 44. Rxd5 Ke6 45. Rd6+ Kf7 46. Rb6 g4 47. f4 h4 48. gxh4 Bxh4 49. Rxb5 Ke6 50. c4 Bd8
51. Rb6+ Ke7 52. Ke2 Ra7 53. Rb2 Ra6 54. Rb7+ Ke6 55. d5+ Kf6 56. c6 Ra2+ 57. Kd3 g3 58. Rb1 g2 59. e4 Rf2 60. e5+ Ke7
61. d6+ Ke6 62. c7 Bxc7 63. dxc7 Kd7 64. Rg1 Kxc7 65. Ke3 Rc2 66. Kd4 Kc6 67. Kd3 Rf2 68. Ke3= Rc2 69. Kd3= Rf2 70. Ke3=
1/2-1/2

[Event "<1600, going for the better rating"]
[Site "SchemingMind.com"]
[Date "2010.04.26"]
[Round "-"]
[White "lemmie"]
[Black "Brian Acebo"]
[Result "1-0"]
[WhiteCountry "NED"]
[BlackCountry "USA"]
[WhiteElo "1688"]
[WhiteRD "55"]
[BlackElo "1574"]
[BlackRD "67"]
[GameID "246171"]

1. e4 c5 2. Nf3 d6 3. Bc4 Nf6 4. Nc3 e6 5. a3 g6 6. d4 cxd4 7. Nxd4 Bg7 8. Bg5 O-O 9. O-O Qc7 10. Bb3 Nbd7
11. Ndb5 Qc6 12. Nxd6 b6 13. Re1 e5 14. h3 Ba6 15. Nd5 Rad8 16. Ne7+
1-0

[Event "<1600, going for the better rating"]
[Site "SchemingMind.com"]
[Date "2010.04.22"]
[Round "-"]
[White "lumamo"]
[Black "Brian Acebo"]
[Result "1-0"]
[WhiteCountry "ESP"]
[BlackCountry "USA"]
[WhiteElo "1535"]
[WhiteRD "89"]
[BlackElo "1570"]
[BlackRD "68"]
[GameID "246172"]

1. e4 c5 2. f4 d5 3. Nc3 dxe4 4. Nxe4 e6 5. Nf3 Nf6 6. Bb5+ Bd7 7. Qe2 Be7 8. O-O O-O 9. Bxd7 Nbxd7 10. c4 a6
11. Nxf6+ Bxf6 12. Ne5 Qc7 13. Ng4 Bd4+ 14. Kh1 b5 15. cxb5 axb5 16. Qxb5 Rab8 17. Qe2 Bxb2 18. Bxb2 Rxb2 19. a4 Rfb8 20. a5 Ra8
21. a6 Rb6 22. Ne5 Nxe5 23. fxe5 Qc6 24. a7 Rb7 25. Ra6 Qc7 26. Qf3 Rbxa7 27. Rc6 Qxe5 28. g3 f5 29. Rc1 Ra1 30. Rxa1 Rxa1+
31. Kg2 Re1 32. Rc8+ Kf7 33. Qh5+ g6 34. Qxh7+ Kf6 35. Rf8+ Kg5 36. h4+ Kg4 37. Qxg6#
1-0

[Event "<1600, going for the better rating"]
[Site "SchemingMind.com"]
[Date "2010.04.22"]
[Round "-"]
[White "memet"]
[Black "Brian Acebo"]
[Result "1-0"]
[WhiteCountry "TUR"]
[BlackCountry "USA"]
[WhiteElo "1641"]
[WhiteRD "65"]
[BlackElo "1574"]
[BlackRD "67"]
[GameID "246173"]

1. e4 c5 2. d4 cxd4 3. Qxd4 Nc6 4. Qa4 Nf6 5. Nc3 g6 6. Bf4 d6 7. Bb5 Bd7 8. Nf3 a6 9. Bc4 b5 10. Bxf7+ Kxf7
11. Qb3+ Be6 12. Ng5+ Ke8 13. Nxe6 Qd7 14. Rd1 Nd8 15. Nxf8 Kxf8 16. Bh6+ Ke8 17. Bg7 Rg8 18. Bxf6 Rf8 19. Bg7
1-0

[Event "<1600, going for the better rating"]
[Site "SchemingMind.com"]
[Date "2010.04.24"]
[Round "-"]
[White "Olli Ylönen"]
[Black "Brian Acebo"]
[Result "0-1"]
[WhiteCountry "FIN"]
[BlackCountry "USA"]
[WhiteElo "1507"]
[WhiteRD "57"]
[BlackElo "1574"]
[BlackRD "67"]
[GameID "246174"]

1. Nf3 d5 2. c4 Nf6 3. cxd5 Nxd5 4. d4 e6 5. e4 Nb6 6. Nc3 Be7 7. Bd3 O-O 8. O-O Nc6 9. Be3 a6 10. Qd2 h6
11. h3 Nd7 12. d5 exd5 13. Nxd5 Re8 14. Nxe7+ Nxe7 15. e5 Nc6 16. g4 Ndxe5 17. Nxe5 Nxe5 18. Rad1 Nf3+
0-1